000
00311nam a22001337a 4500
008
170627b xxu||||| |||| 00| 0 eng d
020
_a
9780262700665
041
_a
eng
080
_a
511
100
_a
21
101
_a
GJL
245
_a
REPRESENTING TIME IN NATURAL LANGUAGE
_c
MEULEN.T
942
_2
udc
_c
BK
999
_c
19173
_d
19173